000 00755nam a2200217Ii 4500
003 JO-AjNU
008 230605s9999||||xx |||||||||||||| ||und||
040 _aJO-AjNU
_bara
_erda
_cJO-AjNU
041 _aara
050 1 4 _aDS242.S292 2012
100 3 _aتاليف السيابي، أحمد بن سعود,
_eauthor
_945098
245 0 0 _aالوسيط في التاريخ العماني
250 _aط1
264 3 1 _aسلطنة عمان: مكتبة الضامري للنشر ةالتوزيع، 2012
300 _a206ص
336 _atext
_btxt
_2rdacontent
337 _aunmediated
_bn
_2rdamedia
338 _avolume
_bnc
_2rdacarrier
490 0 _aالوسيط في التاريخ العماني؛ 3
650 4 _aسلطة عمان-تاريخ
_945099
999 _aA19524
_c23092
_d23092